000 00371nam a2200145 i 4500
001 bg
100 1 _aKOZARSKI, M.
245 0 _aMini kalkulatory w obliczeniach naukowych i technicznych /
_cM. Kozarski, Z. Szurmak.
260 _aWarszawa,
_c1980.
700 1 _aSZURMAK, Z.
040 _cBPK
041 _apol
942 _cKS
008 s pl f |000 0 pol
999 _c4133
_d4133
856 _uhttp://koha.tu.koszalin.pl/cgi-bin/koha/opac-detail.pl?biblionumber=4133
_yKatalog online BPK